Missing 'G' Acronyms Quiz Stats

 Plays Quiz Updated Feb 16, 2019

Support Sporcle.
Go Orange.
Score 0/30 Timer 04:00
0 Plays Today
% Correct
God
96%
Great
95.8%
Gone
95.6%
Get
95.5%
Grand
95.1%
Guns
94.5%
General
94.4%
Galaxy
93.7%
Geographic
93.4%
Golf
92.7%
Girls
92.3%
Glutamate
91.7%
Gesellschaft
90.6%
Generation
89.6%
Grip
89.3%
% Correct
Goods
88.4%
Global
88.1%
Globally
85.7%
Giant
85.1%
Game
84.6%
Greatest
78.7%
Gratia
77.6%
Go
73.9%
Group
73.7%
Graphics
62.8%
Grounded
55%
Gnu's
47.2%
Grimace
46.5%
Genre
40.1%
Giving
28.8%

From the Vault

US Populous Metro Areas

by davidr

We looked long and hard, and finally created a quiz which includes the largest metro area of the fine state of Georgia.
Remove Ads.
Support Sporcle.
Get the best of Sporcle when you Go Orange. This ad-free experience offers more features, more stats, and more fun while also helping to support Sporcle. Thank you for becoming a member.

Show Comments

Extras

Top Quizzes Today


Score Distribution

Your Account Isn't Verified!

In order to create a playlist on Sporcle, you need to verify the email address you used during registration. Go to your Sporcle Settings to finish the process.

Report this User

Report this user for behavior that violates our Community Guidelines.

Details: